Το ιστορικό και οι εξελίξεις της ένωσης της Κρήτης με την Ελλάδα : διπλωματική εργασία [πτυχιακή εργασία]

Saved in:
Bibliographic Details
Main Author: Πρινιανάκη, Μαρία
Corporate Author: Πανεπιστήμιο Αιγαίου Σχολή Ανθρωπιστικών Επιστημών Τμήμα Μεσογειακών Σπουδών
Other Authors: Γούναρης, Εμμανουήλ, 1942- (Thesis advisor)
Format: Thesis Book
Language:Greek
Published: 2010
Subjects:
Online Access:http://hdl.handle.net/11610/8260
Tags: Add Tag
No Tags, Be the first to tag this record!

MARC

LEADER 00000cam a2200000 i 4500
001 1/17416
008 120125s2010 gre d
035 |l 10111708 
040 |a GR-MY-UA  |b gre  |e aacr 
041 0 |a gre 
082 0 |a 938.98  |2 (22) 
100 1 |a Πρινιανάκη, Μαρία. 
245 1 3 |a Το ιστορικό και οι εξελίξεις της ένωσης της Κρήτης με την Ελλάδα :  |b διπλωματική εργασία [πτυχιακή εργασία] /  |c Πρινιανάκη Μαρία ; επιβλέπων: Εμμ. Γούναρης 
260 |c 2010 
300 |a 82 σ.;  |b εικ.;  |c 30 εκ. 
500 |a Μέλη εξεταστικής επιτροπής: Ι. Σεϊμένης, Ι. Σακκάς 
502 |a Πτυχιακή εργασία – Πανεπιστήμιο Αιγαίου, Ρόδος, 2010. 
504 |a Βιβλιογραφία: σ. 45-46 
650 0 0 |a Dissertations, Academic  |z Greece. 
651 0 |a Crete (Greece)  |x History. 
700 1 |a Γούναρης, Εμμανουήλ,   |d 1942-  |4 ths 
710 2 |a Πανεπιστήμιο Αιγαίου  |b Σχολή Ανθρωπιστικών Επιστημών  |b Τμήμα Μεσογειακών Σπουδών. 
852 |a INST  |b RHODES  |c DIATR  |e 20120125  |h 938.98 ΠΡΙ  |p 005400033927  |q 005400033927  |t DIE  |y 23 
852 |a INST  |b RHODES  |c DIATR  |e 20120125  |h 938.98 ΠΡΙ  |p 005400033928  |q 005400033928  |t DIE  |y 23 
856 |u http://hdl.handle.net/11610/8260 
901 |a BIBL4-2012-1 
909 |a Ρ  |b 170578 
909 |a Ρ  |b 170579 
924 |a ΠΡΙΝΙΑΝΑΚΗ  |b ΜΑΡΙΑ  |y ΡΟΔΟΣ  |z 2010-10 
970 |z 2012/01/25